| Tag |
First Indicator |
Second Indicator |
Subfields |
| LEADER |
00000cam a2200000 i 4500 |
| 001 |
in00004635171 |
| 006 |
m o d |
| 007 |
cr cnu---unuuu |
| 008 |
180108s2017 ncua o 100 0 eng d |
| 005 |
20230103223415.1 |
| 035 |
|
|
|a (OCoLC)on1018312048
|
| 040 |
|
|
|a JSTOR
|b eng
|e rda
|e pn
|c JSTOR
|d OCLCQ
|d OCL
|d OCLCQ
|d OCLCO
|
| 020 |
|
|
|a 9781469642437
|q (electronic bk.)
|
| 020 |
|
|
|a 1469642433
|q (electronic bk.)
|
| 020 |
|
|
|z 1469642425
|
| 020 |
|
|
|z 9781469642420
|
| 035 |
|
|
|a (OCoLC)1018312048
|
| 037 |
|
|
|a 22573/ctt1xjs5fk
|b JSTOR
|
| 043 |
|
|
|a n-us-wv
|a n-usa--
|
| 050 |
|
4 |
|a F106
|b .A5792 2017eb
|
| 082 |
0 |
4 |
|a 974
|2 23
|
| 049 |
|
|
|a TXAM
|
| 111 |
2 |
|
|a Appalachian Curriculum Summit
|d (1998 :
|c Radford University)
|
| 245 |
1 |
3 |
|a An Appalachian curriculum.
|
| 264 |
|
1 |
|a [Boone, N.C.] :
|b Appalachian State University,
|c [2017]
|
| 300 |
|
|
|a 1 online resource :
|b illustrations
|
| 336 |
|
|
|a text
|b txt
|2 rdacontent
|
| 337 |
|
|
|a computer
|b c
|2 rdamedia
|
| 338 |
|
|
|a online resource
|b cr
|2 rdacarrier
|
| 500 |
|
|
|a Cover title.
|
| 500 |
|
|
|a "This work, originally published by the Appalachian Consortium Press, has been reissued in an edition unaltered from its original publication. Open access editions of this and other Appalachian Consortium Press publications are available"--Back cover
|
| 500 |
|
|
|a "An Appalachian Curriculum is the product of a week-long teachers' workshop held on the campus of Radford University in June, 1998"--Page 2
|
| 588 |
0 |
|
|a Print version record.
|
| 650 |
|
0 |
|a Education
|x Curricula
|z Appalachian Region
|v Congresses.
|
| 650 |
|
0 |
|a Education
|x Curricula
|z West Virginia
|v Congresses.
|
| 651 |
|
0 |
|a Appalachian Region
|x Study and teaching
|v Congresses.
|
| 650 |
|
6 |
|a Programmes d'études
|z Virginie-Occidentale
|v Congrès.
|
| 650 |
|
7 |
|a Education
|x Curricula.
|2 fast
|0 (OCoLC)fst00902556
|
| 650 |
|
7 |
|a Education.
|2 fast
|0 (OCoLC)fst00902499
|
| 651 |
|
7 |
|a Appalachian Region.
|2 fast
|0 (OCoLC)fst01240092
|
| 651 |
|
7 |
|a West Virginia.
|2 fast
|0 (OCoLC)fst01205316
|
| 655 |
|
7 |
|a Electronic books.
|2 local
|
| 655 |
|
7 |
|a Conference papers and proceedings.
|2 fast
|0 (OCoLC)fst01423772
|
| 700 |
1 |
|
|a Wright, Donna,
|e author.
|
| 700 |
1 |
|
|a Thompson, Diane Grant,
|e author.
|
| 700 |
1 |
|
|a Pillis, Carolyn,
|e author.
|
| 710 |
2 |
|
|a JSTOR (Organization)
|
| 775 |
0 |
8 |
|i Reproduction of (manifestation):
|a Wright, Donna.
|t Appalachian curriculum.
|d [Boone, N.C.?] : Appalachian Consortium Press
|c [1998]
|w (OCoLC)51642430
|
| 776 |
0 |
8 |
|i Print version:
|t Appalachian curriculum.
|d [Boone, N.C.] : Appalachian State University, [2017]
|z 1469642425
|w (OCoLC)1003252757
|
| 856 |
4 |
0 |
|u https://www.jstor.org/stable/10.2307/j.ctt1xp3n8f
|z Connect to the full text of this electronic book
|t 0
|
| 955 |
|
|
|a JSTOR Open Access ebooks
|
| 994 |
|
|
|a 92
|b TXA
|
| 999 |
f |
f |
|s a24c177d-6daf-4487-b9da-ad048342f65b
|i 1f88f449-7e1a-4fb9-8ea4-3e88c0717022
|t 0
|
| 952 |
f |
f |
|a Texas A&M University
|b College Station
|c Electronic Resources
|d Available Online
|t 0
|e F106 .A5792 2017eb
|h Library of Congress classification
|
| 998 |
f |
f |
|a F106 .A5792 2017eb
|t 0
|l Available Online
|